| 000 | 00391nam a22001697a 4500 | ||
|---|---|---|---|
| 005 | 20160630104750.0 | ||
| 008 | 160630b xxu||||| |||| 00| 0 eng d | ||
| 020 | _a81-88458-16-3 | ||
| 041 | _aeng | ||
| 082 | _b13017 | ||
| 100 |
_aKumar, Dr. D.S _93200 |
||
| 245 | _aEngineering Mechanics | ||
| 260 |
_bKatson _c2012 |
||
| 300 | _a719 | ||
| 650 |
_aDiploma Engineering _9817 |
||
| 942 | _cBK | ||
| 999 |
_c4858 _d4856 |
||